| 000 | 01553nam a2200265 a 4500 | ||
|---|---|---|---|
| 001 | 000025902 | ||
| 005 | 20200930024135.0 | ||
| 008 | 110224s1995 dr 000 0 spa d | ||
| 040 |
_aDO-SdBNP _bspa _cBNPHU |
||
| 082 |
_a465 _bG216m |
||
| 100 | 1 |
_aGarcía, Bartolo _91360 |
|
| 245 | 1 | 0 |
_aMorfosintaxis funcional del español : _bteoría- análisis- producción / _cBartolo García, Rafael Nuñez, Julio de los Santos. |
| 260 |
_aSanto Domingo : _bBúho, _c1995. |
||
| 300 |
_a310 p. ; _c23 cm. |
||
| 500 | _aIncluye notas al pie de las páginas | ||
| 505 | 0 |
_tPrefacio -- _tCapítulo introductorio -- _tLingüística y visión de la lengua -- _gPrimera parte: _tmorfología -- _tMorfología y sintáxis y las demás disciplinas de la lingüística -- _tCategorías formales -- _tRelación significante-significado -- _tEl morfema -- _tMorfología verbal -- _gSegunda parte: _tanálisis de la oración simple -- _tLa oración -- _tEl sujeto -- _tEl predicado -- _tVisión holística del análisis sintáctico -- _gTercera parte: _tanálisis de la oración compuesta -- _tOraciones y proposiciones -- _tProposiciones coordinadas -- _tProposiciones subordinadas -- _tÍndice de textos -- _tBibliografía. |
|
| 504 | _aBibliografía : p. 305-310 | ||
| 650 | 4 |
_aEspañol _xGramática _xEstudios y enseñanza _91361 |
|
| 650 | 4 |
_aEspañol _xComposición y ejercicios _91362 |
|
| 650 | 4 |
_aEspañol _xMorfosintaxis _91363 |
|
| 650 | 4 |
_aEspañol _xSintaxis _91364 |
|
| 650 | 4 |
_aEspañol _xMorfología _91365 |
|
| 700 | 1 |
_aNuñez, Rafael _91366 |
|
| 700 | 1 |
_aSantos, Julio de los _91367 |
|
| 999 |
_c25394 _d25394 |
||